Computer networks : a systems approach (Record no. 176121)

MARC details
000 -LEADER
fixed length control field 00518nam a2200181Ia 4500
008 - FIXED-LENGTH DATA ELEMENTS--GENERAL INFORMATION
fixed length control field 231217s9999 xx 000 0 und d
041 ## - LANGUAGE CODE
Language code of text/sound track or separate title English
082 ## - DEWEY DECIMAL CLASSIFICATION NUMBER
Classification number 001.64404 PET;14
100 ## - MAIN ENTRY--PERSONAL NAME
Personal name Peterson, Larry LDavie, Bruce S
245 #0 - TITLE STATEMENT
Title Computer networks : a systems approach
250 ## - EDITION STATEMENT
Edition statement 3rd ed.
260 ## - PUBLICATION, DISTRIBUTION, ETC.
Date of publication, distribution, etc. 2003
Name of publisher, distributor, etc. Elsevier
Place of publication, distribution, etc. New Delhi
300 ## - PHYSICAL DESCRIPTION
Extent xxvii+813
400 ## - SERIES STATEMENT/ADDED ENTRY--PERSONAL NAME [OBSOLETE, CAN/MARC], [LOCAL, USA]
Personal name Morgon Kaufmann Series in networking
500 ## - GENERAL NOTE
General note Content page available
650 ## - SUBJECT ADDED ENTRY--TOPICAL TERM
Topical term or geographic name entry element Computer,networks,:,systems
942 ## - ADDED ENTRY ELEMENTS (KOHA)
Koha item type Books
Holdings
Date last seen Total checkouts Full call number Accession number Uniform resource identifier Cost, total (INR) price Price effective from Category Lost status Damaged status Department Withdrawn status Home library Current library Shelving location Entry date Vendor Cost, normal purchase price Grants Billnumber Billdate Currency symbol Conversion rate Discount Old discount
26/01/2024   001.64404 PET;14 37845 digital/contents/44182.pdf 316.00 26/01/2024 Books     Central Library   Central Library Central Library Central Library 15/09/2005 Sapna Book House 395.00 CS 30047 26/06/2009 RS 1 79 20
26/01/2024   001.64404 PET 40609 digital/contents/44182.pdf 296.25 26/01/2024 Books     Central Library   Central Library Central Library Central Library 07/02/2006 Tata Book House 395.00 CS 1848 02/07/2002 RS 1 98.75 25

© For any Suggestions or Query, please contact the library staff @ librarian@pes.edu or Phone: +9180 2672 1983/ 2108.